| 000 | 00666cam a2200241 a 4500 | ||
|---|---|---|---|
| 005 | 20230917094237.0 | ||
| 008 | 100106s2006 sa 001 0 eng | ||
| 020 | _a9780702198663 | ||
| 082 | _a346.7 | ||
| 100 | 1 | _aSharrock, Robert. | |
| 245 | 1 | 0 |
_aHockly's insolvency law / _cRobert Sharrock, Kathleen van der Linde, Alastair Smith. |
| 246 | 3 | 0 | _aInsolvency law |
| 250 | _a9th ed. | ||
| 260 |
_aCape Town : _bJuta, _c2012 |
||
| 300 | _c25 cm. | ||
| 500 | _aIncludes index. | ||
| 650 | 0 | _aBankruptcy | |
| 650 | 0 | _aComposition (Law) | |
| 650 | 0 | _aLiquidation | |
| 700 | 1 | _aVan der Linde, Kathleen. | |
| 700 | 1 | _aSmith, Alastair, | |
| 942 |
_cBK _6EMILLIE |
||
| 999 |
_c8 _d8 |
||